<?xml version="1.0" encoding="UTF-8"?>
<collection xmlns="http://www.loc.gov/MARC21/slim">
<record>
  <controlfield tag="001">89626</controlfield>
  <controlfield tag="005">20210902121647.0</controlfield>
  <datafield tag="024" ind1="8" ind2=" ">
    <subfield code="2">sideral</subfield>
    <subfield code="a">117456</subfield>
  </datafield>
  <datafield tag="037" ind1=" " ind2=" ">
    <subfield code="a">ART-2020-117456</subfield>
  </datafield>
  <datafield tag="041" ind1=" " ind2=" ">
    <subfield code="a">spa</subfield>
  </datafield>
  <datafield tag="100" ind1=" " ind2=" ">
    <subfield code="a">Asún Dieste, Sonia</subfield>
    <subfield code="u">Universidad de Zaragoza</subfield>
    <subfield code="0">(orcid)0000-0002-3761-2903</subfield>
  </datafield>
  <datafield tag="245" ind1=" " ind2=" ">
    <subfield code="a">Dificultades en el uso del feedback en la formación del profesorado de Educación Física</subfield>
  </datafield>
  <datafield tag="260" ind1=" " ind2=" ">
    <subfield code="c">2020</subfield>
  </datafield>
  <datafield tag="506" ind1="0" ind2=" ">
    <subfield code="a">Access copy available to the general public</subfield>
    <subfield code="f">Unrestricted</subfield>
  </datafield>
  <datafield tag="520" ind1="3" ind2=" ">
    <subfield code="a">En este estudio se exploran las dificultades que tienen los futuros docentes de educación física con el uso del feedback en situaciones simuladas de enseñanza-aprendizaje de expresión corporal. Durante dos años se realiza una investigación-acción desarrollada en la Universidad de Valladolid y la Universidad de Zaragoza. Los estudiantes, durante el proceso de retroalimentación integrado en un sistema de evaluación formativa, toman conciencia de su uso y progresan en la tarea de enseñar y evaluar como parte del propio proceso de aprendizaje. Se acomete una investigación-acción durante dos cursos académicos y se realiza un análisis de contenido, con un proceso de codificación de la información, para descubrir las dificultades comunicativas experimentadas. Las principales observadas se relacionan con la escasa presencia de feedback afectivo o motivador. Consideran importante la retroalimentación afectiva; sin embargo, los datos muestran que encuentran dificultades en su utilización aunque resulte fundamental para la mejora de la comunicación y el proceso docente.

This study explores the difficulties that future physical education teachers have when using feedback in simulated teaching situations on body expression. For two years, action research was carried out at the University of Valladolid and the University of Zaragoza in which students, during the feedback process integrated into a formative assessment system, become aware of their use of feedback and progress in teaching and assessing tasks as a part of the learning process itself. Action research is carried out during two academic years and an analysis of content with a coding information process is performed to discover communicative difficulties experienced. The main issues observed are related to the scarce presence of affective or motivating feedback. Regarding affective feedback, they consider it important, although data shows that they find it difficult to use it; being a fundamental part of the improvement of communication and the teaching process.</subfield>
  </datafield>
  <datafield tag="540" ind1=" " ind2=" ">
    <subfield code="9">info:eu-repo/semantics/openAccess</subfield>
    <subfield code="a">by-nc-nd</subfield>
    <subfield code="u">http://creativecommons.org/licenses/by-nc-nd/3.0/es/</subfield>
  </datafield>
  <datafield tag="592" ind1=" " ind2=" ">
    <subfield code="a">0.31</subfield>
    <subfield code="b">2020</subfield>
  </datafield>
  <datafield tag="593" ind1=" " ind2=" ">
    <subfield code="a">Education</subfield>
    <subfield code="c">2020</subfield>
    <subfield code="d">Q3</subfield>
  </datafield>
  <datafield tag="593" ind1=" " ind2=" ">
    <subfield code="a">Physical Therapy, Sports Therapy and Rehabilitation</subfield>
    <subfield code="c">2020</subfield>
    <subfield code="d">Q3</subfield>
  </datafield>
  <datafield tag="593" ind1=" " ind2=" ">
    <subfield code="a">Orthopedics and Sports Medicine</subfield>
    <subfield code="c">2020</subfield>
    <subfield code="d">Q3</subfield>
  </datafield>
  <datafield tag="655" ind1=" " ind2="4">
    <subfield code="a">info:eu-repo/semantics/article</subfield>
    <subfield code="v">info:eu-repo/semantics/publishedVersion</subfield>
  </datafield>
  <datafield tag="700" ind1=" " ind2=" ">
    <subfield code="a">Fraile Aranda, Antonio</subfield>
  </datafield>
  <datafield tag="700" ind1=" " ind2=" ">
    <subfield code="a">Aparicio Herguedas, José Luis</subfield>
  </datafield>
  <datafield tag="700" ind1=" " ind2=" ">
    <subfield code="a">Romero Martín, María Rosario</subfield>
    <subfield code="u">Universidad de Zaragoza</subfield>
    <subfield code="0">(orcid)0000-0002-5019-4574</subfield>
  </datafield>
  <datafield tag="710" ind1="2" ind2=" ">
    <subfield code="1">3001</subfield>
    <subfield code="2">187</subfield>
    <subfield code="a">Universidad de Zaragoza</subfield>
    <subfield code="b">Dpto. Expres.Music.Plást.Corp.</subfield>
    <subfield code="c">Área Didáctica Expres.Corporal</subfield>
  </datafield>
  <datafield tag="773" ind1=" " ind2=" ">
    <subfield code="g">37 (2020), 85-92</subfield>
    <subfield code="p">Retos (Madr.)</subfield>
    <subfield code="t">Retos</subfield>
    <subfield code="x">1579-1726</subfield>
  </datafield>
  <datafield tag="856" ind1="4" ind2=" ">
    <subfield code="s">49081</subfield>
    <subfield code="u">http://zaguan.unizar.es/record/89626/files/texto_completo.pdf</subfield>
    <subfield code="y">Versión publicada</subfield>
  </datafield>
  <datafield tag="856" ind1="4" ind2=" ">
    <subfield code="s">744867</subfield>
    <subfield code="u">http://zaguan.unizar.es/record/89626/files/texto_completo.jpg?subformat=icon</subfield>
    <subfield code="x">icon</subfield>
    <subfield code="y">Versión publicada</subfield>
  </datafield>
  <datafield tag="856" ind1="4" ind2="1">
    <subfield code="u">https://recyt.fecyt.es/index.php/retos/article/view/71029</subfield>
    <subfield code="z">Texto completo de la revista</subfield>
  </datafield>
  <datafield tag="909" ind1="C" ind2="O">
    <subfield code="o">oai:zaguan.unizar.es:89626</subfield>
    <subfield code="p">articulos</subfield>
    <subfield code="p">driver</subfield>
  </datafield>
  <datafield tag="951" ind1=" " ind2=" ">
    <subfield code="a">2021-09-02-09:03:42</subfield>
  </datafield>
  <datafield tag="980" ind1=" " ind2=" ">
    <subfield code="a">ARTICLE</subfield>
  </datafield>
</record>
</collection>